000 00660nam a2200229Ia 4500
003 OSt
005 20220925172120.0
006 a|||||r|||| 00| 0
007 ta
008 220923b |||||||| |||| 00| 0 eng d
037 _cGeneral Book
040 _aRTL
_cRTL
_beng
041 _2eng
_aeng
082 _aX428.235JB.N73<--M73, L3
100 _aChittar Shantaram D
_9240655
245 0 _aPort of Bombay
_b A brief history
260 _aBombay
_bBombay Port Trust India
_c1973
300 _a84p.
_ccm.
650 _aPort
942 _hX428.235JB.N73<--M73, L3
_cGB
_2CC
999 _c484283
_d484283